Loading...
| History - American History | 0 | 6 | 1 | 3 | 55 | 86 | 105.50 | 0 | 3 |
| Fine Arts - Other Fine Arts | 0 | 5 | 0 | 0 | 50 | 41 | 102.60 | 1 | 3 |
| Literature - American Literature | 0 | 5 | 0 | 0 | 50 | 86 | 116.00 | 0 | 1 |
| History - World History | 0 | 4 | 0 | 0 | 40 | 76 | 104.00 | 0 | 2 |
| Mythology | 0 | 4 | 0 | 1 | 40 | 63 | 105.50 | 0 | 2 |
| Literature - European Literature | 0 | 4 | 0 | 0 | 40 | 38 | 97.50 | 1 | 2 |
| Social Science | 0 | 4 | 1 | 2 | 35 | 100 | 121.00 | 0 | 0 |
| Literature - British Literature | 0 | 4 | 1 | 0 | 35 | 89 | 112.50 | 0 | 1 |
| Science - Physics | 0 | 4 | 2 | 1 | 30 | 77 | 101.75 | 1 | 2 |
| Geography | 0 | 2 | 0 | 0 | 20 | 85 | 88.50 | 0 | 1 |
| Religion | 0 | 2 | 0 | 0 | 20 | 70 | 81.50 | 0 | 2 |
| Fine Arts - Painting and Sculpture | 0 | 2 | 0 | 1 | 20 | 128 | 133.00 | 0 | 0 |
| Fine Arts - Classical Music | 0 | 2 | 0 | 1 | 20 | 125 | 128.50 | 0 | 0 |
| History - European History | 0 | 2 | 1 | 0 | 15 | 18 | 71.50 | 1 | 1 |
| Philosophy | 0 | 1 | 0 | 0 | 10 | 120 | 120.00 | 0 | 0 |
| Current Events | 0 | 1 | 0 | 0 | 10 | 61 | 61.00 | 0 | 1 |
| Other Academic | 0 | 1 | 0 | 0 | 10 | 115 | 115.00 | 0 | 0 |
| Science - Biology | 0 | 1 | 0 | 0 | 10 | 95 | 95.00 | 0 | 1 |
| Science - Chemistry | 0 | 1 | 0 | 0 | 10 | 129 | 129.00 | 0 | 0 |
| Science - Other Science | 0 | 1 | 0 | 1 | 10 | 116 | 116.00 | 0 | 0 |
| Pop Culture | 0 | 1 | 1 | 0 | 5 | 130 | 130.00 | 0 | 0 |
| History - Other History | 0 | 1 | 1 | 0 | 5 | 113 | 113.00 | 0 | 0 |
| Literature - World Literature | 0 | 2 | 3 | 1 | 5 | 133 | 135.50 | 0 | 0 |